| 000 | 01080nam2a22002651 4500 | ||
|---|---|---|---|
| 001 | rc\3153112 | ||
| 005 | 20120615103847.7 | ||
| 035 | _a(NLR Aleph) 007297653 | ||
| 090 |
_a5676737 _c5676737 |
||
| 100 | _a20120615d1976 |||y0rusy50 ca | ||
| 101 | 0 | _arus | |
| 102 | _aRU | ||
| 105 | _aa z ||||| | ||
| 200 | 1 | _aКриминологическая характеристика лиц, совершивших хищения государственного и общественного имущества | |
| 210 | _d1976 | ||
| 215 |
_a54 с. _cил. |
||
| 333 | _aДСП. Экз. № 1997 | ||
| 461 | 0 |
_1001rc\3153105 _12001#$aКриминологическая характеристика лиц, совершивших преступления$fРед. коллегия: Б.В. Бойцов [и др.]$gВНИИ МВД СССР. [В 10 вып.]. Вып. 1-$vВып. 8 |
|
| 700 | 1 |
_aГоряинов _bК. К. |
|
| 701 | 1 |
_aДеревягин _bЮ. Т. |
|
| 801 | 0 |
_aRU _bNLR _gpsbo |
|
| 801 | 1 |
_aRU _bELAR _2rusmarc |
|
| 852 |
_aNLR _j76-50К/2304 |
||
| 942 | _cBOOK | ||
| 980 | _aNB | ||